|
|
|
|
| LEADER |
01195nam a22003017a 4500 |
| 001 |
33402 |
| 003 |
BD-DhAAL |
| 005 |
20250624112859.0 |
| 008 |
180715t2002 cau||||| |||| 001 0 eng d |
| 020 |
|
|
|a 1557013977
|
| 020 |
|
|
|a 9781557013972
|
| 040 |
|
|
|a BD-DhAAL
|d BD-DhAAL
|
| 082 |
|
|
|a 343.7307869
|2 20
|
| 100 |
|
|
|a O'Leary, Arthur F.
|9 27347
|
| 245 |
|
|
|a Construction nightmares :
|b jobs from hell and how to avoid them /
|c Arthur F. O'Leary and James Acret.
|
| 250 |
|
|
|a Second edition.
|
| 260 |
|
|
|a Los Angeles :
|b BNI Publications Inc.,
|c c2002.
|
| 300 |
|
|
|a xiv, 459 pages ;
|c 28 cm.
|
| 500 |
|
|
|a Includes index.
|
| 526 |
|
|
|a ARC
|
| 541 |
|
|
|a Department of Architecture
|e 33402
|
| 650 |
|
|
|a Construction contracts
|z United States.
|9 27348
|
| 650 |
|
|
|a Construction industry
|x Law and legislation
|z United States.
|9 27349
|
| 700 |
|
|
|a Acret, James.
|9 27350
|
| 852 |
|
|
|a Department of Architecture
|c General Stacks
|
| 942 |
|
|
|2 ddc
|c BK
|
| 999 |
|
|
|c 39783
|d 39783
|
| 952 |
|
|
|0 0
|1 0
|2 ddc
|4 0
|6 343_730786900000000_OLE
|7 0
|9 63813
|a BRACUL
|b BRACUL
|c GEN
|d 2018-07-15
|e Department of Architecture
|l 0
|o 343.7307869 OLE
|p 3010033402
|r 2018-07-15
|t 1
|w 2018-07-15
|y BK
|x Transferred from ARC to BRACUL on 28/12/2023
|